[Event "237th YMCA Winter B "]
[Site "?"]
[Date "2021.03.11"]
[Round "6"]
[White "Jaroszuk, Marcin"]
[Black "Haliniak, Wojciech"]
[Result "0-1"]
[WhiteElo "1500"]
[BlackElo "1779"]
[PlyCount "60"]
[EventDate "2021.01.21"]
[EventType "tourn"]
[EventRounds "1"]
[EventCountry "POL"]
[SourceDate "2021.01.20"]

1. Nf3 f5 2. g3 c5 3. Bg2 Nc6 4. d4 cxd4 5. Nxd4 g6 6. e4 fxe4 7. Bxe4 Qa5+ 8.
Nc3 Bg7 9. Be3 Nf6 10. Bf3 O-O 11. O-O Ne5 12. Be2 d6 13. Nb3 Qc7 14. Bf4 Bh3
15. Re1 Qc6 16. f3 Kh8 17. Bxe5 dxe5 18. Bf1 Ng4 19. Qd5 Qb6+ 20. Qc5 Qxc5+ 21.
Nxc5 Bxf1 22. Rxf1 Bh6 23. N5e4 Ne3 24. Rf2 b5 25. Nxb5 Rab8 26. a4 a6 27. Nc7
Rxb2 28. Ne6 Rfb8 29. h4 Nxc2 30. Kh2 Nxa1 0-1

[Event "237th YMCA Winter B "]
[Site "?"]
[Date "2021.02.24"]
[Round "6"]
[White "Matyszkiewicz, Wiktor"]
[Black "Basiaga, Sebastian"]
[Result "0-1"]
[WhiteElo "1794"]
[BlackElo "1716"]
[PlyCount "90"]
[EventDate "2021.01.21"]
[EventType "tourn"]
[EventRounds "1"]
[EventCountry "POL"]
[SourceDate "2021.01.20"]

1. e4 e5 2. Nf3 Nc6 3. Bc4 Bc5 4. O-O Nf6 5. d3 d6 6. c3 O-O 7. h3 h6 8. Re1
Bb6 9. Nbd2 Ne7 10. Nf1 Ng6 11. Ng3 c6 12. d4 exd4 13. Nxd4 d5 14. exd5 Nxd5
15. Qd3 Qf6 16. Bxd5 cxd5 17. Be3 Ne5 18. Qc2 Bd7 19. Ndf5 Rfe8 20. Rad1 Nc4
21. Bd4 Bxd4 22. Nxd4 g6 23. Nf1 Kg7 24. Nd2 b5 25. N2f3 a6 26. Rxe8 Rxe8 27.
Re1 Rxe1+ 28. Nxe1 Nd6 29. Nd3 Nf5 30. Nxf5+ Bxf5 31. Qd2 d4 32. Nb4 d3 33. Kf1
Qd6 34. a3 a5 35. Na2 Qh2 36. f3 Bxh3 37. Qxd3 Bxg2+ 38. Ke1 Qg1+ 39. Kd2 Qf2+
40. Qe2 Qxf3 41. Qxb5 Qf4+ 42. Ke1 h5 43. Qe2 Bf3 44. Qd3 Qg3+ 45. Kd2 Qf2+ 0-1

[Event "237th YMCA Winter B "]
[Site "?"]
[Date "2021.02.24"]
[Round "6"]
[White "Prus, Marek"]
[Black "Safanowski, Tomasz"]
[Result "1/2-1/2"]
[WhiteElo "1705"]
[BlackElo "1832"]
[PlyCount "30"]
[EventDate "2021.01.21"]
[EventType "tourn"]
[EventRounds "1"]
[EventCountry "POL"]
[SourceDate "2021.01.20"]

1. e4 d6 2. d4 Nf6 3. Nc3 e5 4. Nge2 Be7 5. g3 Nbd7 6. Bg2 c6 7. h3 h5 8. O-O
h4 9. g4 Nh7 10. f4 g5 11. fxe5 dxe5 12. Be3 Nhf8 13. Qd2 Ng6 14. dxe5 Ndxe5
15. Qxd8+ Kxd8 $11 1/2-1/2

[Event "237th YMCA Winter B "]
[Site "?"]
[Date "2021.02.25"]
[Round "6"]
[White "Leszczynski, Bartosz"]
[Black "Mazurek, Jerzy"]
[Result "1/2-1/2"]
[WhiteElo "1841"]
[BlackElo "1704"]
[PlyCount "98"]
[EventDate "2021.01.21"]
[EventType "tourn"]
[EventRounds "1"]
[EventCountry "POL"]
[SourceDate "2021.01.20"]

1. d4 Nf6 2. Bf4 g6 3. Nc3 d5 4. e3 Bg7 5. h4 a6 6. Be2 h5 7. Nf3 c5 8. Ne5
cxd4 9. exd4 Nc6 10. Qd2 Bf5 11. f3 Rc8 12. g4 hxg4 13. fxg4 Ne4 14. Qe3 Nxc3
15. bxc3 Bxc2 16. h5 Be4 17. O-O Bxe5 18. dxe5 Qd7 19. c4 gxh5 20. cxd5 Bxd5
21. gxh5 Nb4 22. Qg3 Qf5 23. Bg4 Qh7 24. Bxc8 Rg8 25. Bg4 Be6 26. Bxe6 Rxg3+
27. Bxg3 fxe6 28. Rf4 Nd5 29. Rh4 Qh6 30. Rf1 Qg5 31. Rf3 Qh6 32. Kh2 b5 33.
Be1 Ne3 34. Bd2 Nf1+ 35. Rxf1 Qxd2+ 36. Kh3 Qe3+ 37. Kg4 Qe4+ 38. Kh3 Qe3+ 39.
Kg4 Qe2+ 40. Rf3 Qe4+ 41. Kg3 Qxe5+ 42. Rff4 Qe1+ 43. Kh3 Qh1+ 44. Kg3 Qg1+ 45.
Kf3 e5 46. Rfg4 Qf1+ 47. Kg3 Qg1+ 48. Kf3 Qf1+ 49. Kg3 Qg1+ $11 1/2-1/2

[Event "237th YMCA Winter B "]
[Site "?"]
[Date "2021.02.24"]
[Round "6"]
[White "Mlynarski, Zbigniew"]
[Black "Sloniewska, Alicja"]
[Result "1-0"]
[WhiteElo "1568"]
[BlackElo "1664"]
[PlyCount "57"]
[EventDate "2021.01.21"]
[EventType "tourn"]
[EventRounds "1"]
[EventCountry "POL"]
[SourceDate "2021.01.20"]

1. d4 d5 2. c4 e6 3. Nc3 Nf6 4. Bg5 Be7 5. Nf3 O-O 6. e3 c6 7. Bd3 Nbd7 8. O-O
Re8 9. Qc2 Nf8 10. Ne5 Ng6 11. Rad1 Nd7 12. Bxe7 Qxe7 13. f4 Ngf8 14. Rf3 f6
15. Nxd7 Bxd7 16. Ne2 b5 17. c5 e5 18. fxe5 fxe5 19. dxe5 Qxe5 20. Rdf1 h6 21.
Nf4 Ne6 22. Bh7+ Kf7 23. Ng6+ Qf6 24. Ne5+ Ke7 25. Rxf6 gxf6 26. Nxd7 Kxd7 27.
Rxf6 Ng5 28. Qf5+ Kc7 29. h4 1-0

[Event "237th YMCA Winter B "]
[Site "?"]
[Date "2021.03.04"]
[Round "7"]
[White "Mazurek, Jerzy"]
[Black "Mlynarski, Zbigniew"]
[Result "1-0"]
[WhiteElo "1704"]
[BlackElo "1568"]
[PlyCount "67"]
[EventDate "2021.01.21"]
[EventType "tourn"]
[EventRounds "1"]
[EventCountry "POL"]
[SourceDate "2021.01.20"]

1. d4 Nf6 2. c4 e6 3. Nc3 Bb4 4. Qc2 d5 5. cxd5 exd5 6. Bg5 O-O 7. e3 Bg4 8.
Bd3 h6 9. Bh4 Nbd7 10. h3 Be6 11. Nge2 c5 12. O-O c4 13. Bf5 Qb6 14. f3 Rfe8
15. Bf2 Re7 16. Ng3 Bd6 17. Bxe6 Rxe6 18. Nf5 Bf8 19. e4 Qc6 20. e5 Nh5 21. Be3
g5 22. g4 Ng7 23. Rad1 Ne8 24. h4 Rg6 25. hxg5 hxg5 26. Rf2 Ng7 27. Rh2 Nxf5
28. gxf5 Rg7 29. f6 Nxf6 30. exf6 Qxf6 31. Rf1 Qe6 32. Nd1 Be7 33. Rh5 g4 34.
Qh2 1-0

[Event "237th YMCA Winter B "]
[Site "?"]
[Date "2021.03.19"]
[Round "7"]
[White "Safanowski, Tomasz"]
[Black "Leszczynski, Bartosz"]
[Result "1/2-1/2"]
[WhiteElo "1832"]
[BlackElo "1841"]
[PlyCount "40"]
[EventDate "2021.01.21"]
[EventType "tourn"]
[EventRounds "1"]
[EventCountry "POL"]
[SourceDate "2021.01.20"]

1. f4 d5 2. Nf3 Nf6 3. e3 g6 4. Be2 Bg7 5. O-O O-O 6. d3 c5 7. Nc3 Nc6 8. e4
dxe4 9. dxe4 e6 10. Qxd8 Rxd8 11. e5 Nd5 12. Ne4 b6 13. Rd1 Nde7 14. Rxd8+ Nxd8
15. Nd6 Bd7 16. a4 Bc6 17. a5 Nf5 18. Nxf5 exf5 19. Be3 Ne6 20. Bc4 h6 $11
1/2-1/2

[Event "237th YMCA Winter B "]
[Site "?"]
[Date "2021.03.04"]
[Round "7"]
[White "Basiaga, Sebastian"]
[Black "Prus, Marek"]
[Result "1-0"]
[WhiteElo "1716"]
[BlackElo "1705"]
[PlyCount "77"]
[EventDate "2021.01.21"]
[EventType "tourn"]
[EventRounds "1"]
[EventCountry "POL"]
[SourceDate "2021.01.20"]

1. e4 e5 2. Nf3 Nc6 3. Bb5 Nge7 4. O-O g6 5. c3 Bg7 6. d4 exd4 7. cxd4 d5 8.
exd5 Nxd5 9. Re1+ Be6 10. Bg5 Qd6 11. Nbd2 O-O 12. Ne4 Qb4 13. Bxc6 bxc6 14.
Qc1 Rfe8 15. b3 Qb6 16. Nc5 Bf5 17. h3 h5 18. Bd2 Rad8 19. a4 a5 20. Qc4 Nb4
21. Bg5 Rxe1+ 22. Rxe1 Rd5 23. Re8+ Kh7 24. Be3 Nc2 25. Ng5+ Kh6 26. Nxf7+ Kh7
27. Ne6 Bf6 28. Nfg5+ Kh6 29. Bf4 Nxd4 30. Nf3+ Kh7 31. Nexd4 Bxd4 32. Re7+ Kg8
33. Nxd4 Qxd4 34. Qxc6 Rd7 35. Qa8+ Rd8 36. Re8+ Rxe8 37. Qxe8+ Kh7 38. Be5
Qd1+ 39. Kh2 1-0

[Event "237th YMCA Winter B "]
[Site "?"]
[Date "2021.03.05"]
[Round "7"]
[White "Haliniak, Wojciech"]
[Black "Matyszkiewicz, Wiktor"]
[Result "0-1"]
[WhiteElo "1779"]
[BlackElo "1794"]
[PlyCount "64"]
[EventDate "2021.01.21"]
[EventType "tourn"]
[EventRounds "1"]
[EventCountry "POL"]
[SourceDate "2021.01.20"]

1. e4 c5 2. Nc3 d6 3. f4 Nc6 4. Nf3 e6 5. Bc4 Nf6 6. d4 cxd4 7. Nxd4 a6 8. Bb3
Be7 9. Be3 O-O 10. Qf3 Qc7 11. O-O Rb8 12. Qg3 b5 13. e5 Ne8 14. f5 Nxd4 15.
Bxd4 dxe5 16. fxe6 f6 17. Rae1 Qd6 18. Nd5 Bxe6 19. Nxe7+ Qxe7 20. Bxe5 fxe5
21. Rxf8+ Kxf8 22. Qxe5 Qa7+ 23. Kh1 Bxb3 24. axb3 Nf6 25. Qd6+ Kg8 26. Re7 Qb6
27. Qg3 g6 28. Qe5 Rd8 29. h3 Rd1+ 30. Kh2 Qg1+ 31. Kg3 Nh5+ 32. Kh4 Qf2+ 0-1

[Event "237th YMCA Winter B "]
[Site "?"]
[Date "2021.03.11"]
[Round "8"]
[White "Leszczynski, Bartosz"]
[Black "Basiaga, Sebastian"]
[Result "1-0"]
[WhiteElo "1841"]
[BlackElo "1716"]
[PlyCount "45"]
[EventDate "2021.01.21"]
[EventType "tourn"]
[EventRounds "1"]
[EventCountry "POL"]
[SourceDate "2021.01.20"]

1. d4 d5 2. c4 c6 3. cxd5 cxd5 4. Nc3 Nf6 5. Bf4 Nbd7 6. e3 e6 7. Bd3 a6 8. Nf3
b5 9. O-O Bb7 10. a4 b4 11. Na2 Be7 12. Rc1 Rc8 13. Rxc8 Qxc8 14. Qb3 a5 15.
Rc1 Qa8 16. Bb5 Bd8 17. Ne5 Ke7 18. Bg5 h6 19. Bxf6+ Nxf6 20. Nxb4 Ne4 21.
Nbc6+ Bxc6 22. Rxc6 Kf6 23. Qxd5 1-0

[Event "237th YMCA Winter B "]
[Site "?"]
[Date "2021.03.10"]
[Round "8"]
[White "Sloniewska, Alicja"]
[Black "Mazurek, Jerzy"]
[Result "0-1"]
[WhiteElo "1664"]
[BlackElo "1704"]
[PlyCount "50"]
[EventDate "2021.01.21"]
[EventType "tourn"]
[EventRounds "1"]
[EventCountry "POL"]
[SourceDate "2021.01.20"]

1. d4 d5 2. c4 dxc4 3. e4 Nf6 4. Nc3 e5 5. d5 b5 6. Bg5 Bc5 7. Nf3 b4 8. Bxf6
Qxf6 9. Na4 Bd6 10. Bxc4 O-O 11. O-O Nd7 12. b3 Qf4 13. Qc2 f5 14. exf5 e4 15.
g3 Qxf3 16. Rfe1 Nf6 17. Be2 Qxf5 18. Rad1 Qh3 19. Bf1 Qh5 20. Rd2 Ng4 21. h4
e3 22. fxe3 Bxg3 23. Ree2 Qxh4 24. Nc5 Rxf1+ 25. Kxf1 Qh1# 0-1

[Event "237th YMCA Winter B "]
[Site "?"]
[Date "2021.03.26"]
[Round "9"]
[White "Haliniak, Wojciech"]
[Black "Leszczynski, Bartosz"]
[Result "0-1"]
[WhiteElo "1779"]
[BlackElo "1841"]
[PlyCount "108"]
[EventDate "2021.01.21"]
[EventType "tourn"]
[EventRounds "1"]
[EventCountry "POL"]
[SourceDate "2021.01.20"]

1. f4 d5 2. Nf3 Nf6 3. g3 g6 4. Bg2 Bg7 5. O-O O-O 6. d3 c5 7. Qe1 Nc6 8. e4
dxe4 9. dxe4 e5 10. h3 exf4 11. gxf4 Nd4 12. Nxd4 Qxd4+ 13. Be3 Qxb2 14. Nc3
Ng4 15. Bd2 Bd4+ 16. Kh1 Nf2+ 17. Kh2 Qxc2 18. Rxf2 Bxf2 19. Qxf2 Rd8 20. Nd5
Be6 21. Rc1 Qxa2 22. f5 Bxd5 23. exd5 Rac8 24. Rf1 Rd7 25. f6 Rxd5 26. Bxd5
Qxd5 27. Bf4 Qf5 28. Qh4 h5 29. Rf2 c4 30. Rg2 Re8 31. Bd6 Re4 32. Qg3 Qxf6 33.
Bc5 Qe5 34. Qxe5 Rxe5 35. Bxa7 b5 36. Rd2 f5 37. Rd7 b4 38. Bd4 Re2+ 39. Kg3
Rd2 40. Kf4 c3 41. Ke5 c2 42. Rc7 b3 43. Bb2 Kf8 44. Ba3+ Ke8 45. Kf6 Rd3 46.
Kxg6 f4 47. Re7+ Kd8 48. Rf7 Rxh3 49. Rxf4 Rh1 50. Rb4 Ra1 51. Bb2 Rb1 52. Bf6+
Kd7 53. Bg5 b2 54. Rd4+ Ke6 0-1

[Event "237th YMCA Winter B "]
[Site "?"]
[Date "2021.03.18"]
[Round "9"]
[White "Jaroszuk, Marcin"]
[Black "Matyszkiewicz, Wiktor"]
[Result "1/2-1/2"]
[WhiteElo "1500"]
[BlackElo "1794"]
[PlyCount "76"]
[EventDate "2021.01.21"]
[EventType "tourn"]
[EventRounds "1"]
[EventCountry "POL"]
[SourceDate "2021.01.20"]

1. Nf3 Nf6 2. g3 g6 3. Bg2 Bg7 4. O-O O-O 5. c4 d6 6. d4 Nbd7 7. Nc3 e5 8. e4
exd4 9. Nxd4 Re8 10. Re1 Ne5 11. b3 a5 12. h3 Ned7 13. Be3 a4 14. Qc2 Nb6 15.
Ndb5 axb3 16. axb3 Rxa1 17. Rxa1 Nbd7 18. Ra8 Nf8 19. Na7 Qd7 20. Bg5 h6 21.
Bxf6 Bxf6 22. Nd5 Kg7 23. Qd2 h5 24. h4 Ne6 25. Bh3 b6 26. Rxc8 Rxc8 27. Nxf6
Kxf6 28. e5+ Ke7 29. exd6+ cxd6 30. Nxc8+ Qxc8 31. Qd5 Qc5 32. Bxe6 fxe6 33.
Qb7+ Kf6 34. Qf3+ Qf5 35. Qe3 Qc5 36. Qf3+ Qf5 37. Qe3 Qc5 38. Qf3+ Qf5 1/2-1/2

[Event "237th YMCA Winter B "]
[Site "?"]
[Date "2021.03.01"]
[Round "10"]
[White "Sloniewska, Alicja"]
[Black "Basiaga, Sebastian"]
[Result "1/2-1/2"]
[WhiteElo "1664"]
[BlackElo "1716"]
[PlyCount "65"]
[EventDate "2021.01.21"]
[EventType "tourn"]
[EventRounds "1"]
[EventCountry "POL"]
[SourceDate "2021.01.20"]

1. d4 d5 2. c4 c6 3. cxd5 cxd5 4. Nc3 Nf6 5. Bf4 e6 6. e3 a6 7. Bd3 Nbd7 8. Nf3
b5 9. O-O Bb7 10. Rc1 Rc8 11. Qe2 Bb4 12. Nb1 O-O 13. a4 bxa4 14. Bxa6 Qb6 15.
Bb5 Bc6 16. Bd3 Bb7 17. Na3 Ne4 18. Nb5 Ba6 19. Na3 Bxd3 20. Qxd3 Rc6 21. Rc2
Rfc8 22. Ne5 Nxe5 23. Bxe5 Bxa3 24. Rxc6 Qxc6 25. bxa3 Qc3 26. Qa6 Qc2 27. h3
h6 28. f3 Nd2 29. Rf2 Qc1+ 30. Kh2 Rc4 31. Qa8+ Kh7 32. Qf8 f6 33. Bxf6 $11
1/2-1/2

[Event "237th YMCA Winter B "]
[Site "?"]
[Date "2021.03.03"]
[Round "11"]
[White "Haliniak, Wojciech"]
[Black "Sloniewska, Alicja"]
[Result "1-0"]
[WhiteElo "1779"]
[BlackElo "1664"]
[PlyCount "67"]
[EventDate "2021.01.21"]
[EventType "tourn"]
[EventRounds "1"]
[EventCountry "POL"]
[SourceDate "2021.01.20"]

1. f4 d5 2. Nf3 Nf6 3. g3 e6 4. Bg2 Be7 5. O-O O-O 6. d3 b6 7. Ne5 Bb7 8. c4
Nbd7 9. Nc3 Rb8 10. Qe1 c5 11. e4 d4 12. Nxd7 Nxd7 13. Ne2 e5 14. g4 Rc8 15.
Qg3 Bh4 16. Qh3 Be7 17. Ng3 exf4 18. Bxf4 Bg5 19. Nf5 Bxf4 20. Rxf4 Ne5 21.
Raf1 Rc6 22. Qh5 Nxd3 23. R4f3 g6 24. Nh6+ Kg7 25. Rxf7+ Rxf7 26. Rxf7+ Kh8 27.
Qd5 Qxd5 28. exd5 Rc8 29. Rxb7 Nxb2 30. d6 d3 31. Nf7+ Kg8 32. Bd5 d2 33. Ng5+
Kf8 34. Nxh7+ 1-0

[Event "237th YMCA Winter B "]
[Site "?"]
[Date "2021.03.01"]
[Round "11"]
[White "Jaroszuk, Marcin"]
[Black "Leszczynski, Bartosz"]
[Result "1/2-1/2"]
[WhiteElo "1500"]
[BlackElo "1841"]
[PlyCount "70"]
[EventDate "2021.01.21"]
[EventType "tourn"]
[EventRounds "1"]
[EventCountry "POL"]
[SourceDate "2021.01.20"]

1. Nf3 d5 2. g3 Nf6 3. Bg2 c5 4. O-O Nc6 5. d4 cxd4 6. Nxd4 e5 7. Nxc6 bxc6 8.
c4 Be6 9. Nc3 h6 10. cxd5 cxd5 11. Qa4+ Qd7 12. Qxd7+ Kxd7 13. Rd1 Kc6 14. Be3
e4 15. Rac1 Kb7 16. Nb5 a6 17. Nd4 Bd6 18. Rc3 Rhc8 19. Rb3+ Kc7 20. Rc1+ Kd7
21. Rb7+ Rc7 22. Rcxc7+ Bxc7 23. Bf4 Ne8 24. Bxc7 Nxc7 25. e3 Kc8 26. Rb6 Rb8
27. Rxb8+ Kxb8 28. Kf1 Kb7 29. Ke1 Kb6 30. Bf1 Bd7 31. Kd2 Kc5 32. Kc3 Kb6 33.
Kd2 Kc5 34. Kc3 Kb6 35. Kd2 Kc5 1/2-1/2

[Event "237th YMCA Winter B "]
[Site "?"]
[Date "2021.02.03"]
[Round "11"]
[White "Matyszkiewicz, Wiktor"]
[Black "Prus, Marek"]
[Result "1/2-1/2"]
[WhiteElo "1794"]
[BlackElo "1705"]
[PlyCount "148"]
[EventDate "2021.01.21"]
[EventType "tourn"]
[EventRounds "1"]
[EventCountry "POL"]
[SourceDate "2021.01.20"]

1. e4 e5 2. Nf3 Nc6 3. Bb5 Nge7 4. O-O g6 5. c3 Bg7 6. d4 exd4 7. cxd4 d5 8.
exd5 Nxd5 9. Ne5 Qd6 10. Nc3 Nxc3 11. bxc3 O-O 12. Bxc6 bxc6 13. Qa4 c5 14. Ba3
Bxe5 15. dxe5 Qxe5 16. Rfe1 Qxc3 17. Rac1 Qd4 18. Qxd4 cxd4 19. Bxf8 Kxf8 20.
Red1 Be6 21. a3 a5 22. Rxd4 a4 23. Rxc7 Rb8 24. Rc1 Bb3 25. f3 Re8 26. Kf2 Kg7
27. Re4 Rd8 28. Ke3 Rd5 29. Rd4 Re5+ 30. Kd3 Re6 31. Kc3 Rc6+ 32. Kd2 Re6 33.
Rc3 Rb6 34. Rb4 Rd6+ 35. Rd3 Ra6 36. Rbxb3 axb3 37. Rxb3 Kf6 38. Kc3 Ke6 39.
Kc4 Kd7 40. Kb5 Ra8 41. a4 Rb8+ 42. Kc4 Rc8+ 43. Kd5 Ra8 44. Rb4 Ra5+ 45. Kc4
Kc6 46. Kb3 Ra7 47. Rc4+ Kd5 48. Kc3 Ra5 49. Rd4+ Kc5 50. Re4 Ra7 51. Kb3 Rb7+
52. Ka3 Ra7 53. g4 Rd7 54. Re3 Kb6 55. Rc3 Rd4 56. Kb3 Rf4 57. Rc4 Rxf3+ 58.
Kb4 f5 59. a5+ Kb7 60. gxf5 Rxf5 $11 61. Re4 Rf7 62. h3 Ka7 63. Re5 Rf4+ 64.
Kb5 Rf5 $11 65. Rxf5 gxf5 66. Kc5 Ka6 67. Kd5 Kxa5 68. Ke5 Kb6 69. Kxf5 Kc7 70.
Kf6 Kd7 71. Kf7 h6 72. Kg6 Ke7 73. Kxh6 Kf7 74. Kh7 Kf8 $11 1/2-1/2